000 01867nam a2200361 4500
001 116
003 OSt
005 20250528074012.0
008 250127b |||||||e |||| 00| 1 eng d
040 _bpor
041 _heng
_apor
082 _a813
_bC455l
100 1 _aChandler, Raymond,
_d1888-1959.
_9257
240 _aThe long goodbye
245 _aO longo adeus /
_cChandler, Raymond ; Tradução de Flávio Moreira da Costa e Prefácio de José Onofre
250 _a2° edição
260 _aSão Paulo
_bBrasiliense
_c1985
300 _a332 p.
490 1 _aDetetive Philip Marlowe
_vLivro 06
520 _aO longo adeus é um dos maiores romances da literatura americana em todos os tempos. E, seguramente, o melhor do gênero em que Chandler foi um dos fundadores – o policial noir – compartilhado com escritores do gabarito de Dashiell Hammett, Ross Macdonald, David Goodis, Chester Himes, entre outros. No centro da trama está Philip Marlowe, o detetive emblemático da literatura de Chandler e do período da recessão americana em que ele ambienta suas novelas. Sentimental sob uma casca de durão, quase sempre um perdedor, hábil e fascinante, Philip Marlowe ocupa a galeria de honra dos grandes personagens da literatura universal. O longo adeus é um clássico sobre a solidão e a amizade. Philip Marlowe e o enigmático Terry Lennox são os personagens centrais deste romance profundo e brilhante.
650 0 _aLiteratura Americana
_984
650 0 _aRomance Policial
_911
650 0 _aCrime e Investigação
_913
650 0 _aAção
_964
650 0 _aClássicos
_977
650 0 _aFilme
_926
655 0 _aRomance
_923
655 0 _aFicção
_922
700 _aFlávio Moreira da Costa
_eTradutor
_9258
700 _aJosé Onofre
_ePrefácio
_9259
830 _aDetetive Philip Marlowe
_vLivro 06
_9260
942 _2ddc
_n0
_cBK
999 _c116
_d116